[Event "CHI-ch sf"]
[Site "Quilpue"]
[Date "2018.01.18"]
[Round "2"]
[White "Martinez, Cristian Ezequie"]
[Black "Henriquez Villagra, Cristobal"]
[Result "0-1"]
[WhiteElo "2053"]
[BlackElo "2504"]
[PlyCount "94"]
[EventDate "2018.01.18"]
[EventType "swiss"]
[EventRounds "8"]
[EventCountry "CHI"]
[SourceTitle "CBM 182 Extra"]
[Source "ChessBase"]
[SourceDate "2018.02.23"]
[SourceVersion "1"]
[SourceVersionDate "2018.02.23"]
[SourceQuality "1"]

1. d4 Nf6 2. c4 e6 3. Nc3 Bb4 4. e3 0-0 5. Nge2 Re8 6. a3 Bf8 7. g3 d5 8. Bg2 dxc4 9. Qa4 a6 10. Qxc4 Ra7 11. 0-0 b5 12. Qb3 c5 13. Rd1 Nbd7 14. dxc5 Bxc5 15. Nd4 Bb7 16. a4 Bxd4 17. exd4 Bxg2 18. Kxg2 bxa4 19. Nxa4 Qa8+ 20. Qf3 Nd5 21. Nc3 N7b6 22. Ne4 a5 23. b3 Nb4 24. Bf4 N6d5 25. Bd6 Rd8 26. Bc5 Ra6 27. Rac1 Na2 28. Rc2 f5 29. Nd2 Nab4 30. Bxb4 axb4 31. Nc4 Rc8 32. Re1 g6 33. Rce2 Rxc4 34. bxc4 Ra3 35. Qxd5 exd5 36. Re8+ Qxe8 37. Rxe8+ Kf7 38. Rb8 dxc4 39. Rxb4 c3 40. Rc4 Ke6 41. Rc5 Kd6 42. h4 h6 43. h5 g5 44. Rxf5 Ra7 45. Re5 Rc7 46. Re1 c2 47. Rc1 Kd5 0-1